Sugar beet ; Sugar Situation and Outlook Report september 1998

Bibliographic Details
Main Author: Súrová, Eva (Author)
Corporate Authors: Slovensko. Ministerstvo pôdohospodárstva (vyd), Výskumný ústav ekonomiky poľnohospodárstva a potravinárstva (Bratislava, Slovensko) (vyd)
Other Authors: Karláková, Andrea (apd)
Format: Book
Language:English
PhysicalDescription:10 s.+[14] s. príl. grafy, tab. 30 cm
Published: Bratislava Research Institute of Economics of Agriculture and Food Industry Ministry of Agriculture of the Slovak Republic 1998
ISBN:8080580839
Subjects:

MARC

LEADER 00000nam a2200000 a 4500
001 vtls001354274
003 SK-MaSNL
005 20260301010441.0
008 240313s1998 xo ai r y 0 eng
015 |a SNBE1999/01-00082 
020 |a 8080580839 
035 |a SNK000307705 
040 |a SNK  |b slo  |c SNK  |e AACR2 
041 0 |a eng 
044 |a xo  |c SK 
080 |a 633.63+641.13:311.312(437.6)(083. 9)"1998"=20  |2 1981 
080 |a 641.13  |2 1981 
080 |a 311.312(437.6)  |2 1981 
100 1 |a Súrová, Eva  |4 aut  |9 13238 
245 1 |a Sugar beet ; Sugar  |b Situation and Outlook Report september 1998  |c authors Eva Súrová ; technical collaboration Andrea Karláková 
260 |a Bratislava  |b Research Institute of Economics of Agriculture and Food Industry  |b Ministry of Agriculture of the Slovak Republic  |c 1998 
300 |a 10 s.+[14] s. príl.  |b grafy, tab.  |c 30 cm 
500 |a 100 výt. 
650 0 7 |a repa cukrová  |z Slovensko  |y 1998  |x spravodaje štatistické  |2 SNK  |9 292277 
650 0 7 |a cukor  |z Slovensko  |y 1998  |x spravodaje štatistické  |2 SNK  |9 292278 
655 7 |a informačné publikácie  |2 SNK  |9 70181 
700 1 |a Karláková, Andrea  |4 apd  |9 44730 
710 0 |a Slovensko.  |b Ministerstvo pôdohospodárstva  |4 vyd  |9 115174 
710 2 |a Výskumný ústav ekonomiky poľnohospodárstva a potravinárstva (Bratislava, Slovensko)  |4 vyd  |9 32788 
919 |a 80-8058-083-9 
958 |a TL 
958 |a BQ 
999 |c 548152  |d 550082 
952 |t P60, <09>, [BOOK], {629}  |a SNK  |b SNK  |y NEVYP  |7 0  |o snkB 26  |i snk193/990208  |0 0  |1 0  |4 0  |d 1999-02-05  |l 0  |r 2005-01-02 00:00:00  |w 2026-02-23 
952 |t P60, <03>, [BOOK], {603}  |a SNK  |b SNK  |y PREZ  |7 0  |p 17A0179294  |o snkOSB 12044  |i snkKSP 1086/99  |0 0  |1 0  |4 0  |d 1999-02-05  |l 0  |r 2005-01-02 00:00:00  |w 2026-02-23 
952 |t P60, <04>, [BOOK], {604}  |a SNK  |b SNK  |y VYP  |7 0  |p 17A0179295  |o snkOSB 12044 D1  |i snkKSP 1087/99  |0 0  |1 0  |4 0  |d 1999-02-05  |l 0  |r 2005-01-02 00:00:00  |w 2026-02-23